La concepción del estado en el marxismo

Bewaard in:
Bibliografische gegevens
Hoofdauteur: Adler, Max
Formaat: Texto
Gepubliceerd in: México D.F.: Siglo Veintiuno
Tags: Voeg label toe
Geen labels, Wees de eerste die dit record labelt!

MARC

LEADER 00000 a a2200000 04500
001 25002
003
040
020 |a 968-23-1084-9  
090 |a 176900  
100 |a Adler, Max  
245 |a La concepción del estado en el marxismo  
260 |a México D.F.:   |b Siglo Veintiuno  
300 |a 371 p.  
999 |c 11909  |d 11909